zpět

Detail výsledku týmu

Základna U Pata, Milovice

Datum a čas kvízu

29.5 Celkem bodů Celkový počet nahraných bodů na tomto kvízu bez doplňovacích otázek.
6. Pořadí na kvízu Konečné umístění týmu na tomto kvízu.

Zaznamenané odpovědi

# Otázka Odpověď Body Výsledky
1. Policie v Praze řeší případ vo... Šlo o policejní auto. 1
2. Ze kterého důvodu zrušil minul... C 0
3. Minulý týden potvrdili konec s... David Prachař; Linda Rybová 1
4. Na technologickém veletrhu CES... Tamagoči 0
5. Hajar Abdelkader z Egypta minu... Tenis 1
6. Téma o městě, které nikdy nesp... Flatiron (Building)/žehlička 1
7. Seřaďte uvedené události od té... 1D 2B 3C 4A 0
8. Jak si říká tento americký zpě... Lenny Kravitz; New York City 0
9. Turisté v NYC míří nejen do di... 1C 2B 3A 4D 0
10. Jak se jmenuje fiktivní město,... Gotham (City); Bronx 0.5